000 01579nam a22003857a 4500
001 4036447
003 OSt
005 20210423060638.0
008 981123s1999 ctua bc 001 0deng
010 _a 98052550
020 _a0300079265 (cloth : alk. paper)
035 _a(DLC) 98052550
040 _aDLC
_cDLC
_dDLC
_beng
041 _aeng
043 _an-us---
050 0 0 _aPS3515.E37
_bZ9154 1999
080 _a92
_bV-93
082 0 0 _a813/.52
_aB
_221
100 1 _aVoss, Frederick.
245 1 0 _aPicturing Hemingway :
_ba writer in his time /
_cFrederick Voss ; with an essay by Michael Reynolds.
260 _aWashington, D.C.
_bSmithsonian National Portrait Gallery
_aNew Haven
_bYale University Press,
_cc1999.
300 _aviii, 111 p. ; ill. (some col.)
_c29 cm.
500 _a"An exhibition at the National Portrait Gallery, Smithsonian Institution, Washington, D.C., June 18-October 3, 1999"--T.p. verso.
504 _aIncludes bibliographical references (p. 105) and index.
600 1 0 _aHemingway, Ernest,
_d1899-1961
_xPortraits
_vExhibitions.
650 0 _aAuthors, American
_y20th century
_xPortraits
_vExhibitions.
650 0 _aBiography
_9237
653 _aბიოგრაფია
700 1 _aReynolds, Michael S.,
_d1937-
710 2 _aNational Portrait Gallery (Smithsonian Institution)
906 _a7
_bcbc
_corignew
_d1
_eocip
_f19
_gy-gencatlg
942 _2udc
_cBK
999 _c1633
_d1633